ბათუმის შოთა რუსთაველის სახელმწიფო უნივერსიტეტის ბიბლიოთეკა

აგროქიმია.ნიადაგისა და სასუქის ანალიზი. (ბიბ.ჩანაწერი № 35393)

000 -LEADER
fixed length control field 00918nam a2200217Ia 4500
001 - CONTROL NUMBER
control field 1246
003 - CONTROL NUMBER IDENTIFIER
control field GE_BSU
008 - FIXED-LENGTH DATA ELEMENTS--GENERAL INFORMATION
fixed length control field 181216s||||||||xx |||||||||||||| ||und||
040 ## - CATALOGING SOURCE
Transcribing agency GE_BSU
080 ## - UNIVERSAL DECIMAL CLASSIFICATION NUMBER
Universal Decimal Classification number 631.8
245 ## - TITLE STATEMENT
Title აგროქიმია.ნიადაგისა და სასუქის ანალიზი.
245 ## - TITLE STATEMENT
Remainder of title მეთოდური მითითება ლაბორატორიული სამუშაოების შესასრულებლად სტუდენტებისათვის.
260 ## - PUBLICATION, DISTRIBUTION, ETC.
Place of publication, distribution, etc. თბილისი.
260 ## - PUBLICATION, DISTRIBUTION, ETC.
Name of publisher, distributor, etc. სასოფლო სამეურნეო ინსტიტუტი.
260 ## - PUBLICATION, DISTRIBUTION, ETC.
Date of publication, distribution, etc. 1986
300 ## - PHYSICAL DESCRIPTION
Extent 54გვ.19სმ.
653 ## - INDEX TERM--UNCONTROLLED
Uncontrolled term აგროქიმია.
653 ## - INDEX TERM--UNCONTROLLED
Uncontrolled term ნიადაგისა და სასუქის ანალიზი.
942 ## - ADDED ENTRY ELEMENTS (KOHA)
Koha item type წიგნი
ეგზემპლარები
Withdrawn status Lost status Damaged status Not for loan Date acquired Barcode Date last seen Price effective from Koha item type
        2018-12-17 2855 2018-12-17 2018-12-17 წიგნი